Reforma zdravotníctva Baracka Obamu a jej politické aspekty diplomová práca

Saved in:
Bibliographic Details
Main Author: Velčková, Martina
Corporate Author: Fakulta medzinárodných vzťahov EU. Katedra medzinárodných politických vzťahov
Other Authors: Augustín, Michael, 1991-
Format: Book
Language:Slovak
Published: Bratislava 2023
Tags: Add Tag
No Tags, Be the first to tag this record!

MARC

LEADER 00000nbm a2200000 4500
001 0293133
005 20240613145103.5
041 0 |a slo 
044 |a SK 
245 1 0 |a Reforma zdravotníctva Baracka Obamu a jej politické aspekty  |b diplomová práca  |c Martina Velčková ; školiteľ: Michael Augustín 
264 1 |a Bratislava  |c 2023 
300 |a 73 s. 
100 1 |a Velčková, Martina 
700 1 |a Augustín, Michael, 1991- 
710 2 |a Fakulta medzinárodných vzťahov EU. Katedra medzinárodných politických vzťahov